Niche work if you can get it. (Record no. 60497)

MARC details
000 -LEADER
fixed length control field 00824cam a2200193 4500
001 - CONTROL NUMBER
control field ABS60842
008 - FIXED-LENGTH DATA ELEMENTS--GENERAL INFORMATION
fixed length control field 000000n1999 000 0 eng u
035 ## - SYSTEM CONTROL NUMBER
System control number (Sirsi) u101351
100 ## - MAIN ENTRY--PERSONAL NAME
Personal name Benyon, L.
245 ## - TITLE STATEMENT
Title Niche work if you can get it.
260 ## - PUBLICATION, DISTRIBUTION, ETC.
Date of publication, distribution, etc. 1999
490 ## - SERIES STATEMENT
Series statement Property Week
Volume/sequential designation 64(26) 2 July 1999, 28-30(3)
520 ## - SUMMARY, ETC.
Summary, etc. Examines the trend for surveyors to leave well-established firms and set up business on their own in niche practices. Suggests that such a move may be prompted by the recent spate of mergers amongst the leading surveying firms, but is also due to the lure of greater financial returns and greater flexibility.
650 ## - SUBJECT ADDED ENTRY--TOPICAL TERM
Topical term or geographic name entry element SMALL PRACTICES
650 ## - SUBJECT ADDED ENTRY--TOPICAL TERM
Topical term or geographic name entry element SMALL FIRMS
650 ## - SUBJECT ADDED ENTRY--TOPICAL TERM
Topical term or geographic name entry element PRACTICE MANAGEMENT
690 ## - LOCAL SUBJECT ADDED ENTRY--TOPICAL TERM (OCLC, RLIN)
Topical term or geographic name as entry element MANAGEMENT-BUSINESS MANAGEMENT-PROFESSIONAL PRACTICE
942 ## - ADDED ENTRY ELEMENTS (KOHA)
Suppress in OPAC 0
Holdings
Withdrawn status Lost status Source of classification or shelving scheme Damaged status Not for loan Home library Current library Shelving location Date acquired Total Checkouts Full call number Barcode Date last seen Copy number Price effective from Koha item type
    Dewey Decimal Classification     London London Journal article 03/11/1999   ABS60842 101351-1001 06/08/2019 1 06/08/2019 Journal article